Helikoptérové peniaze - sú výhodný nástroj neštandardnej menovej politiky pre eurozónu?

V uplynulých rokoch, keď eurozóna prechádzala obdobím klesajúcich cien, zaznievali rôzne návody, ako vrátiť vývoj cien v Európe do kladných dynamík. Jedným z diskutovaných návrhov bolo využitie nástroja neštandardnej menovej politiky, tzv. helikoptérových peňazí (helicopter drop). Ohliadnutie sa za...

Descripción completa

Guardado en:
Detalles Bibliográficos
Autor principal: Zeleňák, Karol
Formato: Capítulo de libro
Lenguaje:eslovaco
Materias:
Etiquetas: Agregar Etiqueta
Sin Etiquetas, Sea el primero en etiquetar este registro!

MARC

LEADER 00000naa a2200000 4500
001 0241631
005 20180328142140.1
041 0 |a slo 
044 |a SK 
245 1 0 |a Helikoptérové peniaze - sú výhodný nástroj neštandardnej menovej politiky pre eurozónu?  |c Karol Zeleňák 
520 |a V uplynulých rokoch, keď eurozóna prechádzala obdobím klesajúcich cien, zaznievali rôzne návody, ako vrátiť vývoj cien v Európe do kladných dynamík. Jedným z diskutovaných návrhov bolo využitie nástroja neštandardnej menovej politiky, tzv. helikoptérových peňazí (helicopter drop). Ohliadnutie sa za uplynulým obdobím a vyhodnotenie poznatkov pre potenciálnu aplikáciu tohto nástroja. 
610 2 0 |a politika menová 
610 2 0 |a nástroje politiky menovej 
610 2 0 |a peniaze 
610 2 0 |a inflácia 
610 2 0 |a ceny 
610 2 0 |a eurozóna 
100 1 |a Zeleňák, Karol